000 00359nam a22001457a 4500
003 OSt
005 20160727222409.0
008 160624b xxu||||| |||| 00| 0 eng d
040 _cTest
100 _9953
_aStein, F.N
245 _a1000 Monster Jokes for Kids
260 _aN.Y
_b Ballantine Books
_c1987
300 _a1000 Monster Jokes for Kids
942 _2ddc
_cBK
999 _c759
_d759